000
00329nam a2200133Ia 4500
008
100328s9999 xx 000 0 und d
082
_b
37027
100
_a
गुंदेकर श्रीराम
245
_a
उचल
260
_b
प्रतिभा
630
_a
उचल
730
_a
उचल
942
_c
BOOK
999
_c
526558
_d
526555